00333nam a2200133Ia 4500003000400000008004100004020002700045040000800072100001700080245004500097260003000142300001500172365001200187LDD181029s9999 xx 000 0 und d a9780415327060cP 21.99 cLDD aNurmi, Hannu 0aModels of political economycHannu Nurmi aNew YorkbRoutledgec2006 axvi, 222p. bP 21.99